[Event "Euskadi-chT (Vasca) Div 1st"]
[Site "Bergara"]
[Date "2011.01.22"]
[Round "3.3"]
[White "De la Villa Garcia, Jesus Maria"]
[Black "Garro Beraza, Haritz"]
[Result "1-0"]
[WhiteElo "2491"]
[BlackElo "2138"]
[PlyCount "101"]
[EventDate "2011.01.08"]
[EventType "team-tourn"]
[EventRounds "9"]
[EventCountry "ESP"]
[SourceTitle "EXT 2024"]
[Source "ChessBase"]
[SourceDate "2023.10.10"]
[SourceVersion "1"]
[SourceVersionDate "2023.10.10"]
[SourceQuality "1"]

1. e4 c5 2. Nf3 d6 3. d4 cxd4 4. Nxd4 Nf6 5. f3 a6 6. c4 Nc6 7. Nc3 g6 8. Be3 Bg7 9. Nc2 0-0 10. Be2 Bd7 11. 0-0 Rc8 12. Qd2 Ne5 13. Na3 Re8 14. h3 Be6 15. Nd5 Ned7 16. Rfd1 Bxd5 17. cxd5 Nc5 18. g4 Nfd7 19. Rab1 Rf8 20. Nc2 a5 21. Nd4 Ra8 22. b3 Qc7 23. Kg2 Rfc8 24. Rdc1 Qd8 25. Rc2 Na6 26. Rxc8 Qxc8 27. Qxa5 Bxd4 28. Bxd4 Qc2 29. Rb2 Qc1 30. Bxa6 bxa6 31. Qd2 Rc8 32. Qxc1 Rxc1 33. Be3 Rd1 34. Kf2 Rh1 35. Kg2 Re1 36. Bd2 Re2+ 37. Kf1 Rh2 38. Bc3 Rh1+ 39. Kg2 Rd1 40. Rd2 Rc1 41. Bb2 Re1 42. Rc2 f5 43. Bc3 Rd1 44. Rd2 Rc1 45. Bb2 Re1 46. exf5 gxf5 47. gxf5 Kf7 48. Kf2 Rh1 49. Kg3 Nb6 50. Kg4 a5 51. Bc3 1-0

[Event "Gipuzkoa Province-ch"]
[Site "Azkoitia"]
[Date "2010.11.13"]
[Round "5"]
[White "Garro Beraza, Haritz"]
[Black "Guijarro Galan, Jose Luis"]
[Result "1/2-1/2"]
[WhiteElo "2153"]
[BlackElo "2222"]
[PlyCount "42"]
[EventDate "2010.10.16"]
[EventType "swiss"]
[EventRounds "7"]
[EventCountry "ESP"]
[SourceTitle "EXT 2014"]
[Source "ChessBase"]
[SourceDate "2013.11.20"]
[SourceVersion "1"]
[SourceVersionDate "2013.11.20"]
[SourceQuality "1"]

1. e4 c5 2. Nf3 d6 3. d4 cxd4 4. Nxd4 Nf6 5. Nc3 g6 6. Be3 Bg7 7. f3 0-0 8. Bc4 Nc6 9. Qd2 Bd7 10. 0-0-0 Rb8 11. Kb1 Nxd4 12. Bxd4 b5 13. Be2 a5 14. Nd5 Nxd5 15. exd5 Bxd4 16. Qxd4 Qb6 17. Rhe1 Rfc8 18. Qxb6 Rxb6 19. Bd3 Kf8 20. Re3 Rb7 21. Rde1 Bf5 1/2-1/2

[Event "Euskadi-ch"]
[Site "Zornotza"]
[Date "2010.04.06"]
[Round "2"]
[White "Martin Alvarez, Inigo"]
[Black "Garro Beraza, Haritz"]
[Result "1-0"]
[WhiteElo "2289"]
[BlackElo "2075"]
[PlyCount "101"]
[EventDate "2010.04.05"]
[EventType "swiss"]
[EventRounds "7"]
[EventCountry "ESP"]
[SourceTitle "CBM 136 Extra"]
[Source "ChessBase"]
[SourceDate "2010.07.02"]
[SourceVersion "2"]
[SourceVersionDate "2010.07.15"]
[SourceQuality "1"]

1. e4 c5 2. Nf3 d6 3. d4 cxd4 4. Nxd4 Nf6 5. Nc3 a6 6. Be3 e6 7. f3 Nbd7 8. g4 h6 9. Qd2 b5 10. 0-0-0 Bb7 11. h4 b4 12. Na4 d5 13. Bh3 dxe4 14. g5 hxg5 15. hxg5 Nd5 16. g6 Rxh3 17. gxf7+ Kxf7 18. Rxh3 Qa5 19. b3 N7f6 20. fxe4 Nc3 21. Nf3 Ncxe4 22. Ng5+ Nxg5 23. Bxg5 Qe5 24. Bxf6 Qxf6 25. Kb1 Be7 26. Nb6 Rd8 27. Nd7 Qf5 28. Rh2 Bg5 29. Qd4 Bf6 30. Qb6 Bc8 31. Rf2 Rxd7 32. Rxd7+ Bxd7 33. Rxf5 exf5 34. Qxb4 g5 35. c4 g4 36. Qd6 Be6 37. c5 Bg5 38. c6 f4 39. c7 Bf5+ 40. Kb2 Bf6+ 41. Kc1 Kg6 42. Qxa6 f3 43. c8Q Bxc8 44. Qxc8 Kg5 45. Qe6 Bg7 46. Kd2 Bh6 47. Ke3 Kh5+ 48. Kf2 Bg5 49. Kg3 Bh4+ 50. Kf4 Bg5+ 51. Kf5 1-0

[Event "San Sebastian op 33rd"]
[Site "San Sebastian"]
[Date "2010.03.30"]
[Round "3"]
[White "Andersen, Alf Roger"]
[Black "Garro Beraza, Haritz"]
[Result "1/2-1/2"]
[WhiteElo "2185"]
[BlackElo "2075"]
[PlyCount "33"]
[EventDate "2010.03.28"]
[EventType "swiss"]
[EventRounds "9"]
[EventCountry "ESP"]
[SourceTitle "CBM 135 Extra"]
[Source "ChessBase"]
[SourceDate "2010.05.04"]
[SourceVersion "1"]
[SourceVersionDate "2010.05.04"]
[SourceQuality "1"]

1. e4 c5 2. Nf3 d6 3. d4 cxd4 4. Qxd4 Nc6 5. Bb5 Bd7 6. Bxc6 Bxc6 7. Nc3 e6 8. Bg5 Nf6 9. 0-0 Be7 10. b4 Qc7 11. b5 Bd7 12. a4 0-0 13. Rad1 Rfc8 14. Rd3 Be8 15. e5 dxe5 16. Qh4 Qc4 17. Qxc4 1/2-1/2

[Event "Gipuzkoa-ch"]
[Site "Zarautz"]
[Date "2009.11.28"]
[Round "6"]
[White "Beitia Amador Carrandi, Ernesto"]
[Black "Garro Beraza, Haritz"]
[Result "1/2-1/2"]
[WhiteElo "2010"]
[BlackElo "2059"]
[PlyCount "47"]
[EventDate "2009.10.24"]
[EventType "swiss"]
[EventRounds "7"]
[EventCountry "ESP"]
[SourceTitle "EXT 2012"]
[Source "ChessBase"]
[SourceDate "2011.11.24"]
[SourceVersion "1"]
[SourceVersionDate "2011.11.24"]
[SourceQuality "1"]

1. e4 c5 2. Ne2 d6 3. d4 cxd4 4. Nxd4 Nf6 5. Nc3 a6 6. Be3 e6 7. g4 e5 8. Nf5 h5 9. g5 Nxe4 10. Nxg7+ Bxg7 11. Nxe4 d5 12. Ng3 Bg4 13. Be2 d4 14. Bxg4 hxg4 15. Bd2 Qd7 16. Qe2 Nc6 17. Qe4 Ne7 18. 0-0-0 0-0-0 19. Kb1 Kb8 20. Bb4 Nd5 21. Bd2 Rhe8 22. Nf5 Bh8 23. Qxg4 e4 24. Nh6 1/2-1/2

[Event "San Sebastian op 32nd"]
[Site "San Sebastian"]
[Date "2009.04.07"]
[Round "4"]
[White "Nava Pereda, Carlos"]
[Black "Garro Beraza, Haritz"]
[Result "1-0"]
[WhiteElo "2296"]
[BlackElo "2028"]
[PlyCount "83"]
[EventDate "2009.04.04"]
[EventType "swiss"]
[EventRounds "9"]
[EventCountry "ESP"]
[SourceTitle "CBM 129 Extra"]
[Source "ChessBase"]
[SourceDate "2009.05.05"]
[SourceVersion "2"]
[SourceVersionDate "2009.05.20"]
[SourceQuality "1"]

1. c4 Nf6 2. Nc3 g6 3. e4 d6 4. d4 Bg7 5. f3 0-0 6. Be3 e5 7. d5 c6 8. Bd3 cxd5 9. cxd5 Nh5 10. Nge2 f5 11. exf5 Bxf5 12. 0-0 Nf6 13. Ng3 Bxd3 14. Qxd3 a6 15. Nge4 Nh5 16. g3 b5 17. Ng5 Qe7 18. Ne6 Rc8 19. Ne4 Nd7 20. Rac1 Ndf6 21. Kh1 Nxe4 22. fxe4 Bf6 23. Qa3 Rc4 24. Rxc4 bxc4 25. Qa4 Ng7 26. Nxg7 Kxg7 27. Qxc4 Rb8 28. b3 a5 29. Bd2 Qa7 30. Qc1 Be7 31. Bh6+ Kg8 32. Qc3 Bf8 33. Bd2 a4 34. b4 Qa6 35. Rf2 Rc8 36. b5 Qb7 37. Qa5 Ra8 38. Qb4 Qb6 39. Rf3 Bg7 40. Be3 Qb7 41. b6 Bf8 42. Qb5 1-0

[Event "San Sebastian op 32nd"]
[Site "San Sebastian"]
[Date "2009.04.05"]
[Round "2"]
[White "Camacho Collados, Jose"]
[Black "Garro Beraza, Haritz"]
[Result "1-0"]
[WhiteElo "2379"]
[BlackElo "2028"]
[PlyCount "89"]
[EventDate "2009.04.04"]
[EventType "swiss"]
[EventRounds "9"]
[EventCountry "ESP"]
[SourceTitle "CBM 129 Extra"]
[Source "ChessBase"]
[SourceDate "2009.05.05"]
[SourceVersion "2"]
[SourceVersionDate "2009.05.20"]
[SourceQuality "1"]

1. c4 Nf6 2. Nc3 g6 3. e4 d6 4. g3 e5 5. Bg2 Bg7 6. Nge2 Nc6 7. 0-0 0-0 8. d3 a6 9. h3 Rb8 10. f4 b5 11. f5 b4 12. Nd5 Nxd5 13. cxd5 Nd4 14. g4 Nxe2+ 15. Qxe2 Bf6 16. Bh6 Bg5 17. Bxf8 Qxf8 18. fxg6 hxg6 19. Qf2 Qe7 20. a4 bxa3 21. bxa3 Kg7 22. Kh1 Ra8 23. Ra2 Bf4 24. Qf3 Bd7 25. Rc2 Ba4 26. Rc4 Bb5 27. Rc3 Ba4 28. Rb1 Bd2 29. Rc4 Bb5 30. Rc2 Bf4 31. Bf1 Rh8 32. Kg2 Ba4 33. Rcb2 Bb5 34. d4 Bxf1+ 35. Rxf1 f5 36. exf5 gxf5 37. gxf5 Qg5+ 38. Kh1 Qxf5 39. Rg2+ Kf6 40. Rg4 Rh6 41. Kg2 Qc2+ 42. Rf2 Qf5 43. Qe2 Rg6 44. dxe5+ dxe5 45. Qxa6+ 1-0

[Event "San Sebastian Nagusia op"]
[Site "San Sebastian"]
[Date "2008.12.06"]
[Round "7"]
[White "Argandona Riveiro, Inigo"]
[Black "Garro Beraza, Haritz"]
[Result "1-0"]
[WhiteElo "2385"]
[BlackElo "2032"]
[PlyCount "105"]
[EventDate "2008.10.25"]
[EventType "swiss"]
[EventRounds "7"]
[EventCountry "ESP"]
[SourceTitle "EXT 2011"]
[Source "ChessBase"]
[SourceDate "2010.11.26"]
[SourceVersion "1"]
[SourceVersionDate "2010.11.26"]
[SourceQuality "1"]

1. d4 Nf6 2. Nf3 g6 3. c4 d6 4. Nc3 Bg7 5. e4 0-0 6. Be3 e5 7. dxe5 dxe5 8. Qxd8 Rxd8 9. Nd5 Nxd5 10. cxd5 c6 11. Bc4 b5 12. Bb3 Bb7 13. Rc1 h6 14. 0-0 a5 15. a3 a4 16. Ba2 cxd5 17. Rc7 Rd7 18. Rxb7 Rxb7 19. Bxd5 Raa7 20. Bxa7 Rxa7 21. Rc1 Na6 22. Rc8+ Kh7 23. h4 b4 24. Bc4 bxa3 25. bxa3 Bh8 26. g4 Bg7 27. Kg2 Bh8 28. h5 Bg7 29. Kh3 Bh8 30. Nh4 Bf6 31. Bxf7 gxh5 32. Bg8+ Kg7 33. Nf5+ Kg6 34. gxh5+ Kxh5 35. Bc4 Kg6 36. Ne3 Nc7 37. Ng4 Bg7 38. Rd8 Na8 39. Ne3 Kh7 40. Bg8+ Kg6 41. Rd6+ Kg5 42. Kg3 Bf8 43. Rd5 Bxa3 44. Rxe5+ Kf6 45. Rf5+ Kg7 46. Ba2 Nb6 47. Rh5 Kg6 48. Rb5 Nd7 49. f4 Bc1 50. Nd5 Nf6 51. Rb6 a3 52. Nxf6 Kg7 53. Nh5+ 1-0

[Event "ESP-ch U18"]
[Site "Padron"]
[Date "2008.07.27"]
[Round "2"]
[White "Garcia Blanco, Omar"]
[Black "Garro Beraza, Haritz"]
[Result "1-0"]
[WhiteElo "2169"]
[BlackElo "1999"]
[PlyCount "93"]
[EventDate "2008.07.27"]
[EventType "swiss"]
[EventRounds "9"]
[EventCountry "ESP"]
[SourceTitle "CBM 125 Extra"]
[Source "ChessBase"]
[SourceDate "2008.09.01"]
[SourceVersion "1"]
[SourceVersionDate "2008.09.01"]
[SourceQuality "1"]

1. e4 c5 2. c3 Nf6 3. e5 Nd5 4. Nf3 e6 5. d4 cxd4 6. cxd4 d6 7. Nc3 Nxc3 8. bxc3 Qc7 9. Bb2 Nd7 10. exd6 Bxd6 11. Bd3 0-0 12. 0-0 b6 13. c4 g6 14. Rc1 Bf4 15. Rc3 e5 16. Be4 Rb8 17. dxe5 Nxe5 18. Qd4 Qc5 19. Qxc5 bxc5 20. Ba3 Nxf3+ 21. Rxf3 Bd6 22. Rd1 Bb7 23. Bxb7 Rxb7 24. Rb3 Rxb3 25. axb3 Be7 26. Rd7 Re8 27. g3 Kf8 28. Rxa7 Rb8 29. Bb2 Ke8 30. Ra3 Kd7 31. Kf1 Ke6 32. Ke2 Rd8 33. Ra6+ Kf5 34. Ra7 Ke6 35. Rb7 f6 36. Bc1 Rd6 37. Be3 Rd8 38. Kf3 Rc8 39. Rb6+ Ke5 40. Ke2 h5 41. h3 g5 42. Kf3 Kf5 43. g4+ hxg4+ 44. hxg4+ Kg6 45. Ke4 Rd8 46. Rb7 Bf8 47. Rb5 1-0

[Event "San Sebastian Primavera de Gros 4th"]
[Site "San Sebastian"]
[Date "2008.05.24"]
[Round "4"]
[White "Etxagibel Larranaga, Asier"]
[Black "Garro Beraza, Haritz"]
[Result "1/2-1/2"]
[WhiteElo "1890"]
[BlackElo "1974"]
[PlyCount "58"]
[EventDate "2008.05.03"]
[EventType "swiss"]
[EventRounds "7"]
[EventCountry "ESP"]
[SourceTitle "EXT 2009"]
[Source "ChessBase"]
[SourceDate "2008.11.26"]
[SourceVersion "1"]
[SourceVersionDate "2008.11.26"]
[SourceQuality "1"]

1. e4 c5 2. Nc3 Nc6 3. f4 g6 4. Nf3 Bg7 5. Bc4 e6 6. f5 Nge7 7. fxe6 dxe6 8. 0-0 0-0 9. d3 a6 10. a4 Nd4 11. Ne2 Nec6 12. Nexd4 Nxd4 13. c3 Nxf3+ 14. Rxf3 Bd7 15. Be3 Qe7 16. Qd2 b5 17. Bb3 Rac8 18. axb5 axb5 19. Bh6 Bxh6 20. Qxh6 f6 21. Rff1 Ra8 22. Qf4 Kg7 23. e5 f5 24. Qf3 Rxa1 25. Rxa1 c4 26. Bc2 Qc5+ 27. d4 Qb6 28. Qf4 Bc6 29. Bd1 b4 1/2-1/2

[Event "Euskadi-ch U18"]
[Site "Eibar"]
[Date "2008.03.26"]
[Round "3"]
[White "Gonzalez Sagasti, Jon Ander"]
[Black "Garro Beraza, Haritz"]
[Result "0-1"]
[WhiteElo "1777"]
[BlackElo "1944"]
[PlyCount "50"]
[EventDate "2008.03.25"]
[EventType "swiss"]
[EventRounds "6"]
[EventCountry "ESP"]
[SourceTitle "EXT 2024"]
[Source "ChessBase"]
[SourceDate "2023.10.10"]
[SourceVersion "1"]
[SourceVersionDate "2023.10.10"]
[SourceQuality "1"]

1. e4 c5 2. Nf3 d6 3. d4 cxd4 4. Nxd4 Nf6 5. Nc3 a6 6. Be2 e6 7. Bg5 Be7 8. Qd2 Qc7 9. 0-0 0-0 10. Rad1 Rd8 11. Rfe1 Nc6 12. Qc1 Bd7 13. Rd2 b5 14. Nxc6 Bxc6 15. Bf3 h6 16. Bxf6 Bxf6 17. Ne2 Bg5 18. Nd4 Bxd2 19. Qxd2 Rac8 20. Nxc6 Qxc6 21. Rc1 Qb6 22. Be2 d5 23. exd5 Rxd5 24. Bd3 Qd8 25. Qe2 Rxd3 0-1

[Event "Euskadi-ch U18"]
[Site "Eibar"]
[Date "2008.03.25"]
[Round "1"]
[White "Fernandez Zubitur, Jokin"]
[Black "Garro Beraza, Haritz"]
[Result "1/2-1/2"]
[WhiteElo "1666"]
[BlackElo "1944"]
[PlyCount "78"]
[EventDate "2008.03.25"]
[EventType "swiss"]
[EventRounds "6"]
[EventCountry "ESP"]
[SourceTitle "EXT 2024"]
[Source "ChessBase"]
[SourceDate "2023.10.10"]
[SourceVersion "1"]
[SourceVersionDate "2023.10.10"]
[SourceQuality "1"]

1. e4 c5 2. Nc3 Nc6 3. g3 g6 4. Bg2 Bg7 5. d3 d6 6. f4 e6 7. Nf3 Nge7 8. Be3 Nd4 9. 0-0 0-0 10. Rb1 Nec6 11. Ne2 e5 12. c3 Nxe2+ 13. Qxe2 b6 14. Rfd1 Ba6 15. Qc2 Bb7 16. a3 Qe7 17. d4 exd4 18. cxd4 f5 19. dxc5 dxc5 20. e5 Kh8 21. Rd2 Rfd8 22. Rbd1 Rxd2 23. Rxd2 Rd8 24. Qd1 Rxd2 25. Qxd2 Qd8 26. Ng5 Qxd2 27. Bxd2 h6 28. Nf7+ Kg8 29. Nd6 Ba8 30. Bd5+ Kf8 31. Bf7 Nxe5 32. fxe5 Bxe5 33. Bxh6+ Ke7 34. Bxg6 Kxd6 35. Bf4 Ke6 36. Bxe5 Kxe5 37. h4 Kf6 38. Be8 a6 39. Kf2 b5 1/2-1/2

[Event "Gipuzkoako-ch U18"]
[Site "Donostia"]
[Date "2007.12.27"]
[Round "2.1"]
[White "Garro Beraza, Haritz"]
[Black "Etxagibel Larranaga, Asier"]
[Result "1/2-1/2"]
[WhiteElo "1967"]
[BlackElo "1790"]
[PlyCount "102"]
[EventDate "2007.12.26"]
[EventType "swiss"]
[EventRounds "5"]
[EventCountry "ESP"]
[SourceTitle "EXT 2024"]
[Source "ChessBase"]
[SourceDate "2023.10.10"]
[SourceVersion "1"]
[SourceVersionDate "2023.10.10"]
[SourceQuality "1"]

1. e4 c5 2. Nf3 Nc6 3. d3 e6 4. g3 Nf6 5. Bg2 d5 6. Nbd2 Be7 7. 0-0 0-0 8. e5 Nd7 9. Re1 b5 10. h4 a5 11. Nf1 b4 12. Bf4 Ba6 13. Ng5 Nd4 14. Ne3 h6 15. Nh3 f5 16. Nxd5 exd5 17. Bxd5+ Kh8 18. Bxa8 Qxa8 19. Re3 Bb7 20. Kh2 Nf3+ 21. Rxf3 Bxf3 22. Qd2 Kh7 23. Re1 Re8 24. Qe3 Bd8 25. Ng1 Bd5 26. Qe2 Bc7 27. Qh5 Be6 28. Nh3 Re7 29. Ng5+ Kg8 30. Nxe6 Rxe6 31. Qxf5 Qe8 32. c3 Bxe5 33. d4 cxd4 34. cxd4 Rf6 35. Qe4 Rxf4 36. gxf4 Bxf4+ 37. Kg2 Qxe4+ 38. Rxe4 Bc1 39. Re2 a4 40. Rc2 Bf4 41. Kf3 Bd6 42. Rc6 Bf8 43. Ra6 a3 44. bxa3 bxa3 45. Ke4 Nf6+ 46. Ke5 Ng4+ 47. Ke6 Nxf2 48. d5 Nd3 49. Rc6 Nf4+ 50. Ke5 Nd3+ 51. Ke6 Nf4+ 1/2-1/2

[Event "San Sebastian Udaberriko op"]
[Site "San Sebastian"]
[Date "2007.06.16"]
[Round "7"]
[White "Darrigues, Alain"]
[Black "Garro Beraza, Haritz"]
[Result "0-1"]
[WhiteElo "1992"]
[BlackElo "1918"]
[PlyCount "108"]
[EventDate "2007.05.05"]
[EventType "swiss"]
[EventRounds "7"]
[EventCountry "ESP"]
[SourceTitle "EXT 2008"]
[Source "ChessBase"]
[SourceDate "2007.11.25"]
[SourceVersion "1"]
[SourceVersionDate "2007.11.25"]
[SourceQuality "1"]

1. d4 Nf6 2. c4 g6 3. Nc3 Bg7 4. e4 d6 5. Be2 0-0 6. f4 Na6 7. Nf3 e5 8. dxe5 dxe5 9. Qxd8 Rxd8 10. fxe5 Ng4 11. Bg5 Re8 12. Nd5 Nxe5 13. 0-0-0 Ng4 14. Rhf1 h6 15. Bf4 c6 16. Nc3 g5 17. Bd2 Nc5 18. h3 Nf6 19. e5 Nfd7 20. Nd4 Nxe5 21. Nf5 Bxf5 22. Rxf5 Rad8 23. Bh5 Re7 24. Kc2 Ne6 25. Be3 Nxc4 26. Rxd8+ Nxd8 27. Bc5 Ne3+ 28. Bxe3 Rxe3 29. Kd2 Re7 30. b3 Ne6 31. Ne2 Rd7+ 32. Ke3 Bf8 33. Nc3 Ng7 34. Bg4 Nxf5+ 35. Bxf5 Re7+ 36. Kf3 Bg7 37. Ne4 Re5 38. Bc8 b6 39. g4 Ra5 40. a4 Rd5 41. Ke2 Rd4 42. Bf5 Rb4 43. Nd2 Bc3 44. Bc2 Bxd2 45. Kxd2 h5 46. gxh5 Rh4 47. Bf5 Rxh5 48. Ke3 Rh4 49. Bg4 Rxg4 50. hxg4 Kg7 51. Kd4 Kf6 52. b4 Ke6 53. Ke4 a6 54. Kd4 f5 0-1